Manažérske plánovanie v agropotravinárskych podnikoch

Saved in:
Bibliographic Details
Main Author: Grznár, Miroslav
Corporate Author: Vysoká škola ekonomická v Bratislave. Fakulta podnikového manažmentu
Other Authors: Szabo, Ľuboslav
Format: Book
Language:Slovak
Published: Bratislava VŠE 1991
Edition:1. vyd.
Tags: Add Tag
No Tags, Be the first to tag this record!

MARC

LEADER 00000nam a2200000 4500
001 c024153
005 20250908121204.6
020 |a 80-225-0315-0 
041 0 |a slo 
044 |a SK 
245 1 0 |a Manažérske plánovanie v agropotravinárskych podnikoch  |c Miroslav Grznár, Ľuboslav Szabo 
250 |a 1. vyd. 
264 1 |a Bratislava  |b VŠE  |c 1991 
300 |a 173 s. 
100 1 |a Grznár, Miroslav 
700 1 |a Szabo, Ľuboslav 
710 2 |a Vysoká škola ekonomická v Bratislave. Fakulta podnikového manažmentu